000 00487nam a22001817a 4500
003 OSt
005 20140310182124.0
008 130828t xxu||||| |||| 00| 0 eng d
050 _aD 13
_b.M391 1970
082 _aHS 909
_bM36 1970
100 _aMarwick, Arthur
_914192
245 _aThe nature of history /
_cArthur Marwick.
260 _aNew York :
_bA Delta Book,
_c1970.
300 _a346 p. ;
_c21 cm.
650 _aHistory
_xstudy and teaching
_914193
942 _2lcc
999 _c9579
_d9579